000 00636nam a2200229Ia 4500
003 OSt
005 20220923230411.0
006 a|||||r|||| 00| 0
007 ta
008 220922b |||||||| |||| 00| 0 pan d
024 _a281,328
037 _cTextual
040 _aARTS
_cARTS
_bpan
041 _2pan
_apan
082 _aO153,2N29,HR, N0
100 _aਸਿੰਘ, ਹਰਸਰਵਨ
_9156291
245 0 _aਹੀਰ ਰਾਂਝਾ
260 _c1990
650 _aਪੰਜਾਬੀ ਸਾਹਿਤ
942 _hO153,2N29,HR, N0
_cTEXL
_2CC
999 _c384583
_d384583